| 000 | 01138nam a2200289 i 4500 | ||
|---|---|---|---|
| 001 | bg | ||
| 245 | 0 | 0 |
_aTworzywa konstrukcyjne nowej generacji : _bprzetwórstwo i zastosowanie / _c[dobór i oprac. ogólne Henryk Zawistowski ; red. Ewa Muniak]. |
| 260 |
_aWarszawa : _bWydaw. Poradników i Książek Technicznych Plastech, _c1997. |
||
| 300 |
_a259 s. : _bfot., rys., wykr. ; _c21 cm. |
||
| 490 | 1 | _aNowości Techniki. Biblioteka Sympozjów Technicznych PLASTECH | |
| 500 | _aMateriały Sympozjum Przetwórstwo Tworzyw Sztucznych PLASTECH'97 Jachranka, 04-06.06.1997 r. | ||
| 504 | _aBibliogr. przy ref. | ||
| 650 | 9 |
_aTworzywa konstrukcyjne _xtechnologia |
|
| 650 | 9 |
_aTworzywa sztuczne _xstosowanie |
|
| 650 | 9 |
_aTworzywa sztuczne _xtechnologia |
|
| 655 | _aMateriały konferencyjne | ||
| 700 | 1 |
_aZAWISTOWSKI, Henryk. _eOprac. |
|
| 700 | 1 |
_aMUNIAK, Ewa. _eRed. |
|
| 830 | 0 |
_aNowości Techniki. _pBiblioteka Sympozjów Technicznych PLASTECH |
|
| 020 | _a8390581620 | ||
| 040 | _cBPK | ||
| 041 | 1 | _apl | |
| 080 | _a678.5/.7(061.3) | ||
| 920 | _a83-905816-2-0 | ||
| 942 | _cKS | ||
| 008 | s pl f |000 0 pol | ||
| 999 |
_c32683 _d32683 |
||